[Event "NED-ch op-B"]
[Site "Borne"]
[Date "2019.08.09"]
[Round "6"]
[White "Geldof, Max"]
[Black "Luzac, Tijmen"]
[Result "1-0"]
[WhiteElo "749"]
[BlackElo "516"]
[PlyCount "81"]
[EventDate "2019.08.05"]
[EventType "swiss"]
[EventRounds "9"]
[EventCountry "NED"]
[SourceTitle "EXT 2020"]
[Source "ChessBase"]
[SourceDate "2019.10.17"]
[SourceVersion "1"]
[SourceVersionDate "2019.10.17"]
[SourceQuality "1"]

1. e4 c5 2. Nf3 Nc6 3. Nc3 d6 4. Bc4 Nf6 5. Ng5 e6 6. Nf3 g6 7. d3 Bg7 8. Bg5 0-0 9. 0-0 e5 10. Nd5 Be6 11. Qd2 Bxd5 12. Bxd5 Qd7 13. Bh6 Nxd5 14. exd5 Nd4 15. Nxd4 cxd4 16. c3 Qa4 17. b3 Qa5 18. Bxg7 Kxg7 19. b4 Qxd5 20. c4 Qe6 21. f4 b6 22. fxe5 Qxe5 23. Rf3 a5 24. Rh3 h5 25. g4 Qe6 26. Rh4 Qe7 27. Rh3 d5 28. gxh5 Qd7 29. h6+ Kh7 30. Rh4 Qe6 31. Re1 Qf6 32. Rh3 Qc6 33. Qf2 dxc4 34. dxc4 Qxc4 35. Qf6 Rg8 36. Re2 Qc1+ 37. Kg2 d3 38. Qxf7+ Kh8 39. Qf6+ Kh7 40. Re7+ Rg7 41. Qxg7# 1-0

[Event "NED-ch op-B"]
[Site "Borne"]
[Date "2019.08.09"]
[Round "4"]
[White "Vijver, Jonathan"]
[Black "Luzac, Tijmen"]
[Result "1-0"]
[WhiteElo "999"]
[BlackElo "516"]
[PlyCount "79"]
[EventDate "2019.08.05"]
[EventType "swiss"]
[EventRounds "9"]
[EventCountry "NED"]
[SourceTitle "EXT 2020"]
[Source "ChessBase"]
[SourceDate "2019.10.17"]
[SourceVersion "1"]
[SourceVersionDate "2019.10.17"]
[SourceQuality "1"]

1. e4 c5 2. Nf3 Nc6 3. d4 cxd4 4. Nxd4 e5 5. Nf3 Nf6 6. Bb5 Bd6 7. Qxd6 Qb6 8. Bxc6 Ng4 9. Qd2 bxc6 10. h3 Nf6 11. Nxe5 Nxe4 12. Qe2 Qa5+ 13. Nd2 Qxe5 14. Qxe4 Qxe4+ 15. Nxe4 0-0 16. 0-0 Ba6 17. Rd1 d5 18. Nc5 Be2 19. Rd2 Bh5 20. Nd3 Rae8 21. b3 c5 22. Ba3 Rd8 23. g4 Bg6 24. Bxc5 Rfe8 25. Nf4 Be4 26. Bxa7 Re7 27. Bc5 Red7 28. c3 Rc8 29. Re1 Rxc5 30. Rxe4 h6 31. Red4 Rxc3 32. Rxd5 Rc1+ 33. Kg2 Re7 34. Rd1 Rc2 35. R5d2 Re2 36. Rxe2 Rxe2 37. Nxe2 g5 38. a4 f6 39. a5 Kg7 40. a6 1-0

[Event "NED-ch op-A"]
[Site "Borne"]
[Date "2019.08.05"]
[Round "2"]
[White "Kurt, Sascha"]
[Black "Luzac, Tijmen"]
[Result "1/2-1/2"]
[WhiteElo "984"]
[BlackElo "516"]
[PlyCount "116"]
[EventDate "2019.08.05"]
[EventType "swiss"]
[EventRounds "9"]
[EventCountry "NED"]
[SourceTitle "EXT 2020"]
[Source "ChessBase"]
[SourceDate "2019.10.17"]
[SourceVersion "1"]
[SourceVersionDate "2019.10.17"]
[SourceQuality "1"]

1. e4 c5 2. Nf3 Nc6 3. d4 b6 4. d5 Na5 5. Nc3 d6 6. Bb5+ Bd7 7. Bxd7+ Qxd7 8. 0-0 Nf6 9. Bf4 g6 10. Re1 Bg7 11. e5 Nh5 12. Bg5 0-0 13. exd6 exd6 14. h3 Rae8 15. Qd2 Nc4 16. Qc1 Rxe1+ 17. Nxe1 Qf5 18. Nf3 f6 19. g4 Qxf3 20. Bh6 g5 21. Bxg7 Nxg7 22. Nb5 Qxd5 23. b3 Nd2 24. Qd1 Nf3+ 25. Kf1 Qxd1+ 26. Rxd1 Ne5 27. Rxd6 Ra8 28. Rxf6 Nd7 29. Rd6 Nf8 30. Kg2 Nfe6 31. Rd7 Nd4 32. Nxd4 cxd4 33. Rxd4 Rc8 34. c4 Ne6 35. Rd7 Nf4+ 36. Kg3 Ne2+ 37. Kf3 Nf4 38. Rxa7 Nxh3 39. Ra6 Rf8+ 40. Kg3 Nxf2 41. Rxb6 Ne4+ 42. Kg2 Rf2+ 43. Kg1 Rxa2 44. Rb8+ Kf7 45. Rb7+ Ke6 46. Rb6+ Ke5 47. Rb5+ Kd4 48. Rf5 Ra1+ 49. Rf1 Ra3 50. Rd1+ Kc3 51. Rc1+ Kb4 52. Kg2 Rxb3 53. Re1 Rb2+ 54. Kf3 Nf2 55. Re5 Kxc4 56. Rxg5 Nd3 57. Rh5 Rf2+ 58. Kg3 Rf7 1/2-1/2